00685nam a22002057a 450000500170000001000130001702000230003003500130005303700160006604000120008208200160009424501530011026000520026327000690031530000310038465000130041565000120042870000220044070000170046220170124110037.0 aA-897966 c750.00a8185419256 aA-897966 bCen Lib/Ret aDPLbEN a333.95bBIO aBiomass energy systems :cedited by Venkata Ramana P [and] Srinivas S Nbproceedings of the international conference 26-27 February 1996 New Delhi / aNew DelhibTata Energy Research Institutec1997 bNew DelhiaDarbari Seth Block, Habitat Place, Lodhi Roade110003 axv,478p. :c24cm(Hb)bill. aBiomass. aBiogas. aRamana P, Venkata aSrinivas S N